000 01425cam a2200133 4500500
005 20260329023313.0
041 _afre
042 _adc
100 1 0 _aHélie, Jérôme
_eauthor
245 0 0 _aPetit Atlas historique des Temps modernes
260 _bArmand Colin,
_c2021.
520 _aCet atlas historique des Temps modernes présente en 46 fiches les phases essentielles d’une longue période qui va de la fin du XVe siècle à 1815. S’appuyant sur les repérages chronologiques et spatiaux, il décrit les caractéristiques et les mutations des nations et des régions, à l'échelle mondiale. Cet outil de référence donne les indications fondamentales sur une période souvent jugée complexe et permet une rapide remise en place des événements et des enjeux au niveau mondial. L’ensemble des aspects – politique, culturel, économique, religieux – est ici exposé et expliqué et permet de comprendre notre monde contemporain. Un index des thèmes, des noms propres et des lieux, facilite la compréhension de la période. Des pistes bibliographiques à la fin de chaque fiche permettent au lecteur d’approfondir les thèmes abordés. - Un ouvrage en deux couleurs - 44 cartes originales - des généalogies, des chronologies, des plans, des graphiques et tableaux
856 4 1 _uhttps://shs.cairn.info/petit-atlas-historique-des-temps-modernes--9782200628741?lang=fr&redirect-ssocas=7080
999 _c1926163
_d1926163